_Data Analysis of Agroforestry Experiments Workshop Overview & Session Summaries 1 / Richard Coe (Record no. 8138)
[ view plain ]
| 000 -LEADER | |
|---|---|
| fixed length control field | 00402nam a2200121Ia 4500 |
| 008 - FIXED-LENGTH DATA ELEMENTS--GENERAL INFORMATION | |
| fixed length control field | 151021s9999 xx 000 0 und d |
| 020 ## - INTERNATIONAL STANDARD BOOK NUMBER | |
| International Standard Book Number | 9290591455 |
| 245 ## - TITLE STATEMENT | |
| Title | _Data Analysis of Agroforestry Experiments Workshop Overview & Session Summaries 1 / Richard Coe |
| 260 ## - PUBLICATION, DISTRIBUTION, ETC. (IMPRINT) | |
| Place of publication, distribution, etc. | Nairobi : World ICRAF, 2002 |
| 300 ## - PHYSICAL DESCRIPTION | |
| Extent | 61 p. |
| 650 ## - SUBJECT ADDED ENTRY--TOPICAL TERM | |
| Topical term or geographic name as entry element | _Agroforestry Experiments 1 |
| 980 ## - EQUIVALENCE OR CROSS-REFERENCE-SERIES STATEMENT--PERSONAL NAME/TITLE [LOCAL, CANADA] | |
| Personal name | ^d20110919 01:31:07^oanne |
No items available.